Countries of the World by Languages by First Two Letters - Statistics

General Stats
  • This quiz has been taken 396 times
  • The average score is 172 of 196
Answers on the Map
Answers color-coded by a green-red scale on the quiz's map according to % correct below.
 
Answer Stats
Country % Correct
South Africa
100%
Burundi
99%
Canada
99%
New Zealand
99%
Rwanda
99%
Seychelles
99%
Singapore
99%
Vanuatu
99%
Belarus
98%
China
98%
Comoros
98%
Equatorial Guinea
98%
Eswatini
98%
Kenya
98%
Madagascar
98%
Malawi
98%
Malta
98%
Nauru
98%
Taiwan
98%
Tanzania
98%
Uganda
98%
Zimbabwe
98%
Antigua and Barbuda
97%
Argentina
97%
Australia
97%
Bahamas
97%
Barbados
97%
Belgium
97%
Belize
97%
Bolivia
97%
Botswana
97%
Burkina Faso
97%
Central African Republic
97%
Chad
97%
Chile
97%
Colombia
97%
Costa Rica
97%
Cuba
97%
Djibouti
97%
Dominica
97%
Dominican Republic
97%
Ecuador
97%
El Salvador
97%
Federated States of Micronesia
97%
Fiji
97%
Ghana
97%
Grenada
97%
Guatemala
97%
Guyana
97%
Honduras
97%
India
97%
Ireland
97%
Jamaica
97%
Kazakhstan
97%
Kyrgyzstan
97%
Liberia
97%
Luxembourg
97%
Mexico
97%
Monaco
97%
Namibia
97%
Nicaragua
97%
Nigeria
97%
Pakistan
97%
Panama
97%
Paraguay
97%
Peru
97%
Philippines
97%
Russia
97%
Saint Kitts and Nevis
97%
Saint Lucia
97%
Saint Vincent and the Grenadines
97%
Samoa
97%
Sierra Leone
97%
Solomon Islands
97%
South Sudan
97%
Spain
97%
Sudan
97%
Switzerland
97%
Tonga
97%
Trinidad and Tobago
97%
Tuvalu
97%
United Kingdom
97%
United States
97%
Uruguay
97%
Venezuela
97%
Zambia
97%
Benin
96%
Cameroon
96%
Democratic Republic of the Congo
96%
France
96%
Gabon
96%
Gambia
96%
Guinea
96%
Haiti
96%
Ivory Coast
96%
Mali
96%
Niger
96%
Republic of the Congo
96%
Senegal
96%
Togo
96%
Angola
95%
Brazil
95%
Cape Verde
95%
Guinea-Bissau
95%
Mozambique
95%
Poland
95%
Portugal
95%
São Tomé and Príncipe
95%
Algeria
94%
Morocco
94%
Somalia
94%
Armenia
93%
Austria
93%
Bahrain
93%
Egypt
93%
Finland
93%
Georgia
93%
Germany
93%
Iraq
93%
Jordan
93%
Kuwait
93%
Lebanon
93%
Libya
93%
Liechtenstein
93%
Mauritania
93%
Oman
93%
Qatar
93%
Saudi Arabia
93%
Syria
93%
Tunisia
93%
United Arab Emirates
93%
Yemen
93%
Sweden
92%
Italy
91%
San Marino
91%
Vatican City
91%
Cyprus
90%
North Macedonia
89%
Norway
88%
Turkey
87%
Turkmenistan
87%
Afghanistan
86%
Japan
86%
Mongolia
86%
Montenegro
86%
Brunei
83%
Indonesia
83%
Malaysia
83%
Maldives
83%
Marshall Islands
83%
Mauritius
83%
Laos
81%
Latvia
81%
Ukraine
80%
Denmark
79%
Lesotho
79%
North Korea
78%
South Korea
78%
Iceland
76%
Thailand
76%
Bosnia and Herzegovina
75%
Bulgaria
75%
Myanmar
75%
Netherlands
75%
Suriname
75%
Kosovo
74%
Tajikistan
74%
East Timor
73%
Greece
73%
Moldova
73%
Romania
73%
Vietnam
72%
Estonia
69%
Serbia
69%
Iran
68%
Lithuania
68%
Nepal
66%
Czech Republic
63%
Hungary
62%
Slovakia
62%
Slovenia
62%
Croatia
55%
Papua New Guinea
55%
Bangladesh
54%
Albania
53%
Ethiopia
51%
Uzbekistan
51%
Bhutan
49%
Sri Lanka
46%
Cambodia
45%
Azerbaijan
44%
Andorra
36%
Palau
33%
Israel
27%
Eritrea
23%
Kiribati
10%
No matching quizzes found
Score Distribution
Percent of People with Each Score
Percentile by Number Answered
Your Score History
You have not taken this quiz